Every Wrestler to compete at WWE SummerSlam - Statistics

General Stats
  • This quiz has been taken 1,017 times
    371 since last reset
  • The average score is 181 of 349
Answer Stats
First Match Wrestler % Correct
1988 Hulk Hogan
94%
2004 John Cena
91%
1995 Kane
90%
1992 The Undertaker
89%
2015 Charlotte Flair
88%
2003 Randy Orton
88%
1989 Shawn Michaels
88%
1998 The Rock
88%
2002 Brock Lesnar
87%
2002 Ric Flair
87%
2014 Roman Reigns
87%
1995 Triple H
87%
2009 Cody Rhodes
86%
1988 Bret Hart
85%
1994 Owen Hart
85%
2014 Seth Rollins
85%
1997 Stone Cold Steve Austin
85%
2013 (Kick-Off) Dean Ambrose
84%
1998 Edge
84%
2010 Daniel Bryan
83%
1989 Dusty Rhodes
83%
2020 Dominik Mysterio
82%
2016 (Kick-Off) Jey Uso
82%
2016 (Kick-Off) Jimmy Uso
82%
2002 Rey Mysterio
82%
1999 The Big Show
82%
2011 The Miz
82%
2013 AJ Lee
81%
2016 AJ Styles
81%
2013 Big E
81%
1999 Christian
81%
2008 Kofi Kingston
81%
1998 Road Dogg
81%
2010 Sheamus
81%
2004 Batista
80%
2013 Bray Wyatt
80%
2013 Brie Bella
80%
2000 Chris Jericho
80%
2015 Nikki Bella
80%
1988 Randy Savage
80%
2015 Becky Lynch
79%
2007 CM Punk
79%
2000 Kurt Angle
79%
1999 Jeff Hardy
78%
1999 Matt Hardy
78%
1999 Shane McMahon
78%
2006 Vince McMahon
78%
1994 Diesel
77%
2015 Kevin Owens
77%
2014 Stephanie McMahon
77%
1993 The 1-2-3 Kid
77%
1988 The Ultimate Warrior
77%
1988 Andre the Giant
76%
2008 Mark Henry
76%
2016 Xavier Woods
76%
2009 Dolph Ziggler
75%
1993 Fatu
75%
1988 Ted DiBiase
75%
2009 Ted DiBiase Jr.
75%
2020 Bayley
74%
2021 Damian Priest
74%
2020 Drew McIntyre
74%
2015 Sasha Banks
74%
2000 Bubba Ray Dudley
73%
2000 D-Von Dudley
73%
1996 Mankind
73%
2000 Trish Stratus
73%
1993 Billy Gunn
72%
2000 Eddie Guerrero
72%
2016 (Kick-Off) Sami Zayn
72%
2001 Spike Dudley
72%
2001 Booker T
71%
2017 Braun Strowman
71%
2000 Chris Benoit
71%
1988 Davey Boy Smith
71%
2016 Finn Balor
71%
2022 Liv Morgan
71%
2015 Luke Harper
71%
2021 Rhea Ripley
71%
2010 Wade Barrett
71%
1988 Ax
70%
1999 Bradshaw
70%
2018 Erick Rowan
70%
1988 The Big Boss Man
70%
2021 Bobby Lashley
68%
2006 Chavo Guerrero
68%
1996 Goldust
68%
1988 The Honky Tonk Man
68%
1993 Yokozuna
68%
2012 (Kick-Off) Antonio Cesaro
67%
1988 Dynamite Kid
67%
2007 John Morrison
67%
2010 Skip Sheffield
67%
2010 Heath Slater
66%
2022 Logan Paul
66%
2001 Rob Van Dam
66%
2018 Ronda Rousey
66%
2014 Rusev
66%
2015 Tamina Snuka
66%
2011 Alberto Del Rio
65%
2016 Alexa Bliss
65%
1989 Arn Anderson
65%
1993 Bart Gunn
65%
2021 Bianca Belair
65%
2007 Carlito
65%
2023 Gunther
65%
1988 Junkyard Dog
65%
2016 Karl Anderson
65%
2015 Naomi
65%
2024 Nia Jax
65%
2017 Shinsuke Nakamura
65%
2007 The Great Khali
64%
2003 Goldberg
63%
2020 Asuka
62%
2016 (Kick-Off) Chad Gable
62%
1991 Hawk
62%
1995 The Godfather
62%
2007 Umaga
62%
2017 Jinder Mahal
61%
2013 Natalya
61%
2010 R-Truth
61%
1999 Test
61%
1991 Animal
60%
1988 Jim Neidhart
60%
2014 Paige
60%
1988 | 1989 Rick Rude
60%
2000 Chyna
59%
2008 MVP
59%
2024 Solo Sikoa
59%
2010 Darren Young
58%
1998 D'Lo Brown
58%
1995 Hardcore Holly
58%
1999 Crash Holly
57%
2007 Finlay
57%
2009 Jack Swagger
57%
1988 Jake Roberts
57%
2023 LA Knight
57%
1993 Lex Luger
57%
1989 Mr. Perfect
57%
1991 Sgt. Slaughter
57%
1996 Sid
57%
1999 Albert
56%
1989 Jimmy Snuka
56%
1994 Mabel
56%
2020 Mandy Rose
56%
1988 Bad News Brown
55%
2017 Baron Corbin
55%
2010 David Otunga
55%
1999 Faarooq
55%
1993 Jerry Lawler
55%
2019 (Kick-Off) Nikki Cross
55%
1996 Vader
55%
2010 Luke Gallows
54%
2008 Santino Marella
54%
1988 Smash
54%
2009 William Regal
54%
2007 Beth Phoenix
53%
2001 Diamond Dallas Page
53%
1990 Earthquake
53%
1989 Hacksaw Jim Duggan
53%
2010 Justin Gabriel
53%
2007 Michelle McCool
53%
2007 Mickie James
53%
2023 Otis
53%
1993 Razor Ramon
53%
2012 Titus O'Neil
53%
2016 (Kick-Off) Zack Ryder
53%
2022 Austin Theory
52%
1994 Jeff Jarrett
52%
2001 Rhyno
52%
1996 Savio Vega
52%
1990 Sherri Martel
52%
2018 (Kick-Off) Zelina Vega
52%
2024 Bron Breakker
51%
2020 Montez Ford
51%
1993 Rick Steiner
51%
2017 Samoa Joe
51%
1993 Scott Steiner
51%
2020 Angelo Dawkins
50%
2016 Big Cass
50%
1989 Brutus Beefcake
50%
2016 Carmella
50%
2017 (Kick-Off) Curtis Axel
50%
2016 Enzo Amore
50%
2021 Eva Marie
50%
1989 Marty Jannetty
50%
1989 Tito Santana
50%
1993 Bam Bam Bigelow
49%
2023 Butch
49%
2007 Mr. Kennedy
49%
2015 Neville
49%
1991 Ricky Steamboat
49%
2019 Ricochet
49%
2015 Sin Cara
49%
2007 Torrie Wilson
49%
2016 (Kick-Off) Jason Jordan
48%
2015 Kalisto
48%
2023 Karrion Kross
48%
1997 Ken Shamrock
48%
2005 Orlando Jordan
48%
1989 Rick Martel
48%
1998 Sable
48%
1998 Val Venis
48%
2018 (Kick-Off) Andrade
47%
2017 (Kick-Off) Bo Dallas
47%
1991 Irwin R. Schyster
47%
2000 Tazz
47%
1991 Typhoon
47%
1990 Crush
46%
2015 Diego
46%
2007 Jillian Hall
46%
2007 Layla
46%
2021 Omos
46%
1996 Al Snow
45%
2023 Bronson Reed
45%
1993 Doink the Clown
45%
2007 Melina
45%
2015 Fernando
44%
1993 Giant Gonzalez
44%
2007 Kelly Kelly
44%
2001 Lance Storm
44%
2006 Sabu
44%
1999 Steve Blackman
44%
2001 Tajiri
44%
2000 Grandmaster Sexay
42%
2023 Grayson Waller
42%
1999 Ivory
42%
1996 Marc Mero
42%
2000 Scotty 2 Hotty
42%
1989 Greg Valentine
41%
1996 Henry O. Godwinn
41%
1991 Virgil
41%
2016 Apollo Crews
40%
1991 Bushwhacker Luke
40%
2018 (Kick-Off) Cedric Alexander
40%
2013 Damien Sandow
40%
2023 Erik
39%
2016 (Kick-Off) Fandango
39%
1988 Koko B. Ware
39%
2018 (Kick-Off) Lana
39%
2020 Sonya Deville
39%
2007 Victoria
39%
2010 Alicia Fox
38%
1991 Bushwhacker Butch
38%
1988 Hercules
38%
2023 Ivar
38%
1998 Jacqueline
38%
2010 Michael Tarver
38%
1990 Paul Roma
38%
1993 Tatanka
38%
2021 Matt Riddle
37%
1989 Zeus
37%
2010 Joseph Mercury
36%
1992 Kamala
36%
2023 Ludwig Kaiser
36%
1988 Nikolai Volkoff
36%
2000 The Kat
36%
1996 Phineas I. Godwinn
35%
1988 The Warlord
35%
1989 Tully Blanchard
35%
2016 (Kick-Off) Tyler Breeze
35%
2019 (Kick-Off) Buddy Murphy
34%
1988 Dino Bravo
34%
2004 Paul London
34%
2023 Tommaso Ciampa
34%
1999 Tori
34%
2004 Billy Kidman
33%
1991 Brian Knobbs
33%
1988 Don Muraco
33%
2023 JD McDonagh
33%
2016 (Kick-Off) Konnor
33%
1989 Akeem
32%
1994 Alunda Blayze
32%
1997 Brian Pillman
32%
2018 (Kick-Off) Dash Wilder
32%
2004 Eugene
32%
1995 Jacob Blu
32%
1991 Jerry Sags
32%
1997 Miguel Pérez Jr.
32%
2003 Rene Dupree
32%
1993 Samu
32%
2018 (Kick-Off) Scott Dawson
32%
1998 Sho Funaki
32%
1988 The Barbarian
32%
1990 The Texas Tornado
32%
2016 (Kick-Off) Viktor
32%
2023 Ridge Holland
31%
2000 Steven Richards
31%
2017 (Kick-Off) Akira Tozawa
30%
1991 Col. Mustafa
30%
1995 Eli Blu
30%
1988 Jacques Rougeau
30%
1993 Jimmy Del Ray
30%
1988 Raymond Rougeau
30%
2000 Bull Buchanan
29%
2019 Ember Moon
29%
2023 Santos Escobar
29%
2000 Terri
29%
1991 The Mountie
29%
2020 Angel Garza
28%
2013 Kaitlyn
28%
2016 (Kick-Off) Aiden English
27%
2019 (Kick-Off) Billie Kay
27%
1991 General Adnan
27%
2009 JTG
27%
2007 Maria
27%
2001 Chris Kanyon
26%
1999 Droz
26%
2023 Giovanni Vinci
26%
2016 (Kick-Off) Mojo Rawley
26%
1992 Nailz
26%
2022 Pat McAfee
26%
2019 (Kick-Off) Peyton Royce
26%
1995 Skip
26%
1990 Sapphire
25%
2009 Shad Gaspard
25%
2003 Eric Bischoff
24%
1988 Ken Patera
24%
2016 (Kick-Off) Simon Gotch
24%
1998 Taka Michinoku
24%
1993 Tom Prichard
24%
1994 Bull Nakano
23%
1998 Kurrgan
23%
1989 The Red Rooster
23%
1992 Beau Beverly
22%
1992 Blake Beverly
22%
1988 Boris Zhukov
22%
2007 Brooke
22%
2003 Sylvain Grenier
22%
1995 Bertha Faye
21%
1997 Chainz
21%
2018 (Kick-Off) Drew Gulak
21%
1995 Hakushi
20%
1995 Barry Horowitz
19%
1993 Ludvig Borga
19%
1992 Repo Man
19%
2015 Stephen Amell
19%
1998 Giant Silva
18%
1997 José Estrada Jr.
18%
1990 Pat Tanaka
18%
2023 Rick Boogs
18%
1997 Jesús Castillo
17%
1998 Dick Togo
15%
1990 Sato
15%
1998 Men's Teioh
14%
2023 Cameron Grimes
12%
2019 (Kick-Off) Oney Lorcan
11%
2007 Kristal
10%
No matching quizzes found
Score Distribution
Percent of People with Each Score
Percentile by Number Answered
Your Score History
You have not taken this quiz since the last reset